| 000 | 00639nam a22002057a 4500 | ||
|---|---|---|---|
| 003 | OSt | ||
| 005 | 20240227113119.0 | ||
| 008 | 190516t xxu||||| |||| 00| 0 eng d | ||
| 020 | _a9781870461276 | ||
| 040 | _c0 | ||
| 082 |
_a759.9493 _bMOR 1988 |
||
| 100 | 1 |
_aMorrall, Andrew _9121444 |
|
| 245 | 1 | 0 |
_aRubens: _bthe history and Techniques of the great masters/ _cAndrew Morrall |
| 260 |
_aLondon: _bTiger Books International; _c1988. |
||
| 300 |
_a64p.: _bill; _c30cm. |
||
| 650 |
_aPainting, Dutch _9121445 |
||
| 650 |
_zNetherlands _9121446 |
||
| 942 |
_2ddc _cBK _aSADA _k759.9493 MOR 1988 |
||
| 999 |
_c608321 _d608321 |
||